Tổng hợp hữu cơ

Tallennettuna:
Bibliografiset tiedot
Päätekijä: NGUYỄN MINH THẢO
Aineistotyyppi: Kirja
Kieli:Undetermined
Julkaistu: Hà Nội ĐHQG 2001
Aiheet:
Tagit: Lisää tagi
Ei tageja, Lisää ensimmäinen tagi!
Thư viện lưu trữ: Trung tâm Học liệu Trường Đại học Cần Thơ
LEADER 00501nam a2200169Ia 4500
001 CTU_48001
008 210402s9999 xx 000 0 und d
082 |a 547.2 
082 |b Th108 
100 |a NGUYỄN MINH THẢO 
245 0 |a Tổng hợp hữu cơ 
245 0 |c NGUYỄN MINH THẢO 
260 |a Hà Nội 
260 |b ĐHQG 
260 |c 2001 
650 |a chemistry, organic - synthesis,organic compounds - synthesis 
980 |a Trung tâm Học liệu Trường Đại học Cần Thơ